000 02597cam a2200529 i 4500
001 xx004975821
003 NUKAT
005 20260427113923.0
008 201020s2020 pl o |000 0 pol c
020 _a9788380982130
_q(oprawa miękka)
035 _a(OCoLC)1204344501
035 _a(NUKAT)xx004975821
040 _aKR PAU/MS
_bpol
_erda
_cKR PAU/MSs
_dWA U/WM
_dOLSZT 008/bak
045 2 _bd1939
_bd1945
046 _k2020
100 1 _aDomański, Tomasz.
_eAutor
_916443
245 1 0 _aKorekty ciąg dalszy :
_bodpowiedź redaktorom i współautorom książki "Dalej jest noc. Losy Żydów w wybranych powiatach okupowanej Polski", red. B. Engelking, J. Grabowski, Warszawa, 2018 na ich polemikę z moją recenzją "Korekta obrazu?" Refleksje źródłoznawcze wokół książki "Dalej jest noc. Losy Żydów w wybranych powiatach okupowanej Polski, t.1-2, red. Barbara Engelking, Jan Grabowski, Warszawa 2018, Warszawa 2019 /
_cTomasz Domański ; Instytut Pamięci Narodowej Komisja Ścigania Zbrodni przeciwko Narodowi Polskiemu.
260 _aWarszawa :
_bInstytut Pamięci Narodowej Komisja Ścigania Zbrodni przeciwko Narodowi Polskiemu,
_c2020.
300 _a110 stron ;
_c24 cm.
336 _aTekst
_btxt
_2rdacontent
337 _aBez urządzenia pośredniczącego
_bn
_2rdamedia
338 _aWolumin
_bnc
_2rdacarrier
380 _aKsiążki
380 _aPublikacje naukowe
388 1 _a2001-
490 1 _aCentralny Projekt Badawczy IPN Dzieje Żydów w Polsce i Relacje Polsko-Żydowskie w Latach 1914-1989
500 _aNa okładce logo czasopisma Polish-Jewish Studies.
630 0 7 _aDalej jest noc (Warszawa ; 2018)
_2DBN
_937424
648 7 _a1901-2000
_2DBN
_934996
648 7 _a1939-1945
_2DBN
_936042
650 7 _aAntysemityzm
_2DBN
_937426
650 7 _aHolokaust
_2DBN
_937427
650 7 _aII wojna światowa (1939-1945)
_2DBN
_935099
650 7 _aŹródła historyczne
_2DBN
_937428
650 7 _aŻydzi
_2DBN
_935278
650 7 _aŻydzi
_zPolska
_xsytuacja społeczna
_y1900-1945.
_2kaba
_937429
650 7 _aHolocaust
_zPolska.
_2kaba
_937430
650 7 _aWojna światowa (1939-1945)
_xŻydzi
_zPolska.
_2kaba
_937431
651 7 _aPolska
_2DBN
_935076
655 7 _aPolemika
_2DBN
_940632
658 _aHistoria
710 2 _aInstytut Pamięci Narodowej - Komisja Ścigania Zbrodni przeciwko Narodowi Polskiemu.
_eInstytucja sprawcza
_eWydawca
_4pbl
_911792
740 0 2 _aDalej jest noc
830 0 _aDzieje Żydów w Polsce oraz Relacje Polsko-Żydowskie w Latach 1914-1989
_940637
920 _a978-83-8098-213-0 (oprawa miękka)
942 _2ddc
_cBK_NM
999 _c27797
_d27797